| 000 | 00000cam 2200000zi 4500 |
| 001 | 9.957422 |
| 003 | CaOODSP |
| 005 | 20251209133323 |
| 006 | m o d f |
| 007 | cr cn |||||||| |
| 008 | 251119t20252025quca o f000 0 eng d |
| 020 | |a9780660797861 |
| 040 | |aCaOODSP|beng|erda|cCaOODSP |
| 043 | |an-cn--- |
| 086 | 1 |aEn4-785/2025E-PDF |
| 245 | 00|aCanada's National Framework for Environmental Learning. |
| 264 | 1|aGatineau, Quebec : |bEnvironment and Climate Change Canada = Environnement et changement climatique Canada, |c[2025] |
| 264 | 4|c©2025 |
| 300 | |a1 online resource (ii, 20 pages) : |billustrations |
| 336 | |atext|btxt|2rdacontent |
| 337 | |acomputer|bc|2rdamedia |
| 338 | |aonline resource|bcr|2rdacarrier |
| 500 | |aCover title. |
| 500 | |aIssued also in French under title: Cadre national pour l'apprentissage en environnement au Canada. |
| 520 | |a"The National Framework for Environmental Learning seeks to bridge gaps and better integrate environmental learning across Canada. It provides guiding principles, key focus areas and examples to inspire action. The Framework is for educators, policy makers and other leaders in the formal and non-formal education sectors to help them create or build on existing learning materials, programs and initiatives. It also supports the development of goals, assessment criteria and reporting. The Framework is high-level by design, to respect provincial and territorial jurisdictions and recognize the need to adapt it to local contexts"--Introduction, page 3. |
| 650 | 0|aEnvironmental education|zCanada. |
| 650 | 0|aEnvironmental sciences|zCanada. |
| 650 | 0|aEnvironmental policy|zCanada|xCitizen participation. |
| 710 | 1 |aCanada. |bEnvironment and Climate Change Canada, |eissuing body. |
| 775 | 08|tCadre national pour l'apprentissage en environnement au Canada.|w(CaOODSP)9.957423 |
| 856 | 40|qPDF|s4.44 MB|uhttps://publications.gc.ca/collections/collection_2025/eccc/en4/En4-785-2025-eng.pdf |
| 856 | 4 |qHTML|sN/A|uhttps://www.canada.ca/en/services/environment/weather/climatechange/get-involved/advancing-literacy/national-framework.html |
| 986 | |aEC25109 |